Koncepcia cenovej politiky na rok 2009
Súčasný stav v oblasti cenovej politiky. Koncepcia cenovej politiky do konca roka 2009. Informácia o organizačných útvaroch MF SR, ktoré sa zaoberajú problematikou cien a cenovej kontroly.
Salvato in:
| Natura: | Capitolo di libro |
|---|---|
| Lingua: | slovacco |
| Soggetti: | |
| Tags: |
Nessun Tag, puoi essere il primo ad aggiungerne!!
|
MARC
| LEADER | 00000naa$a2200000$$$4500 | ||
|---|---|---|---|
| 001 | 0099133 | ||
| 005 | 20230927074615.1 | ||
| 041 | 0 | |a slo | |
| 044 | |a SK | ||
| 245 | 1 | 0 | |a Koncepcia cenovej politiky na rok 2009 |
| 520 | |a Súčasný stav v oblasti cenovej politiky. Koncepcia cenovej politiky do konca roka 2009. Informácia o organizačných útvaroch MF SR, ktoré sa zaoberajú problematikou cien a cenovej kontroly. | ||
| 610 | 2 | 0 | |a vývoj cenový |
| 610 | 2 | 0 | |a inflácia |
| 610 | 2 | 0 | |a politika cenová |
| 610 | 2 | 0 | |a Slovensko |
| 610 | 2 | 0 | |a 2009 |
| 610 | 2 | 0 | |a koncepcie |
| 610 | 2 | 0 | |a kontrola cenová |